Genetické algoritmy a jednoduchá tabuľková transpozícia

Salvato in:
Dettagli Bibliografici
Autore principale: Belko, Róbert, 1989- (Autore)
Altri autori: Mikuš, Michal, 1984- (Relatore della tesi)
Natura: Manoscritto Libro
Lingua:slovacco
Pubblicazione: Bratislava : STU v Bratislave FEI, 2011
Soggetti:
Accesso online:VAIS
Tags: Aggiungi Tag
Nessun Tag, puoi essere il primo ad aggiungerne!!

MARC

LEADER 00000ntm a22000003a 4500
001 stu231270
005 20150617230146.2
008 110713s2011----xo------------------slo-d
040 |a STU  |b slo 
041 0 |a slo 
044 |a xo 
100 1 |a Belko, Róbert,  |d 1989-  |4 aut  |u E  |T FEI Fakulta elektrotechniky a informatiky  |X 55789  |U E  |Y 30  |7 A000055789 
242 0 0 |a Genetic algorithms and columnar transposition  |y eng 
245 1 |a Genetické algoritmy a jednoduchá tabuľková transpozícia 
260 |a Bratislava :  |b STU v Bratislave FEI,  |c 2011 
300 |a 39 s 
650 7 |a Aplikovaná informatika  |2 stusub 
650 7 |a Applied Informatics  |2 estusub 
650 7 |a genetický algoritmus  |2 stusub 
650 7 |a genetic algorithm  |2 estusub 
700 1 |a Mikuš, Michal,  |d 1984-  |4 ths  |u E050  |U FEI Fakulta elektrotechniky a informatiky  |T FEI Ústav informatiky a matematiky  |X 52432  |U E050  |Y 816  |7 A000052432 
856 4 |a info a plný text  |u http://is.stuba.sk/zp/portal_zp.pl?podrobnosti=56372  |3 VAIS 
996 |b 284ER00643  |c E*Bc-643  |l EE35  |s P  |a 0  |w stu231270_0001